The dialogues of Plato
Na minha lista:
| Main Authors: | , |
|---|---|
| Formato: | Livro |
| Idioma: | inglês |
| Publicado em: |
Nueva York
Oxford University Press
1892
|
| Edição: | 3a. ed |
| Assuntos: | |
| Tags: |
Adicionar Tag
Sem tags, seja o primeiro a adicionar uma tag!
|
MARC
| LEADER | 00000nam a2200000 a 4500 | ||
|---|---|---|---|
| 001 | UCY6394 | ||
| 003 | CL-VaPUC | ||
| 008 | 950526e18920000US |||||||||||||||||eng|d | ||
| 082 | 0 | 4 | |a 184 |b PLA |2 21 |
| 100 | 0 | |a Platón |e author |9 222 | |
| 700 | 0 | |a Jowett, B |e author |9 336307 | |
| 245 | 1 | 4 | |a The dialogues of Plato |
| 250 | |a 3a. ed | ||
| 300 | |a v | ||
| 942 | |c BK | ||
| 945 | |d 19950526 00:00:00 |a oaravena | ||
| 260 | |a Nueva York |b Oxford University Press |c 1892 | ||
| 650 | 0 | |a Filosofía |9 223554 | |
| 650 | 0 | |a Filosofía antigua |9 255705 | |
| 650 | 7 | |a RECURSOS LITERARIOS |2 CL-VaPUC |9 336308 | |
| 650 | 7 | |a OBRAS |2 CL-VaPUC |9 269205 | |
| 650 | 0 | |a Política |9 255312 | |
| 650 | 0 | |a Filosofía del espíritu |9 320175 | |
| 650 | 7 | |a HOMBRE |2 CL-VaPUC |9 262149 | |
| 651 | 0 | |a Grecia |9 265314 | |
| 583 | |a last modification |c 19950526 00:00:00 |k Rodrigo Vera | ||
| 999 | |c 233960 |d 233958 | ||
| 952 | |0 0 |1 0 |4 0 |6 184_000000000000000_PLA_1892 |7 0 |8 P |9 239823 |a BIBEDU |b BIBEDU |c BIBEDU_PB |d 2019-11-18 |h v.4 |i 1509144 |o 184 PLA 1892 |p 1509144 |r 2024-01-25 |w 2019-11-18 |y BK |k FIL | ||
| 952 | |0 0 |1 0 |4 0 |6 184_000000000000000_PLA_1892 |7 0 |8 P |9 239824 |a BIBEDU |b BIBEDU |c BIBEDU_PB |d 2019-11-18 |h v.5 |i 1509136 |o 184 PLA 1892 |p 1509136 |r 2024-01-25 |w 2019-11-18 |y BK |k FIL | ||